000 01261nam a2200313 i 4500
001 bg
100 1 _aPOPCZYK, Jacek.
245 1 0 _aZabezpieczenia i izolacje :
_b[instrukcja].
_nZ.8,
_pBezspoinowy system ocieplania ścian zewnętrnych budynków /
_caut. Jacek Popczyk] ; Instytut Techniki Budowlanej.
260 _aWarszawa :
_bITB,
_c2006.
300 _a38 s. ;
_c24 cm.
490 1 _aInstrukcje. Wytyczne. Poradniki / Instytut Techniki Budowlanej ;
_aWarunki techniczne wykonania i odbioru robót budowlanych ;
_v418/2006
_vCz. C
490 1 _aWarunki techniczne wykonania i odbioru robót budowlanych ;
_vCz. C
504 _aWykaz norm.
650 9 _aIzolacje cieplne
_xbudownictwo
650 9 _aŚciany zewnętrzne
_xmateriały
655 _aInstrukcje
710 0 _aInstytut Techniki Budowlanej
830 _aInstrukcje. Wytyczne. Poradniki - Instytut Techniki Budowlanej ;
_v418/2006
830 _aWarunki techniczne wykonania i odbioru robót budowlanych ;
020 _a8373706607 (całość)
020 _a8324902775 (z. 8)
040 _cBPK
041 0 _apol
080 _a692.2:698.8:69](075.8)
920 _a83-7370-660-7 (całość)
920 _a83-249-0277-5 (z. 8)
942 _cKS
008 s pl f |000 0 pol
999 _c52037
_d52037
856 _uhttp://koha.tu.koszalin.pl/cgi-bin/koha/opac-detail.pl?biblionumber=52037
_yKatalog online BPK